Indian Prime Ministers Quiz - Statistics

General Stats
  • This quiz has been taken 372 times
  • The average score is 9 of 16
Answer Stats
Term Prime Ministers % Correct
2014- Narendra Modi
97%
1947-1964 Jawaharlal Nehru
91%
1980-1984 Indira Gandhi
89%
1966-1977 Indira Gandhi
89%
2004-2014 Manmohan Singh
72%
1984-1989 Rajiv Gandhi
69%
1998-2004 Atal Bihari Vajpayee
59%
1996 Atal Bihari Vajpayee
59%
1964-1966 Lal Bahadur Shastri
50%
1989-1990 Vishwanath P. Singh
47%
1991-1996 P. V. Narasimha Rao
43%
1977-1979 Morarji Desai
42%
1996-1997 H.D. Deve Gowda
38%
1997-1998 Inder K. Gujral
35%
1979-1980 Charan Singh
31%
1990-1991 Chandra Sekhar
14%
No matching quizzes found
Score Distribution
Percent of People with Each Score
Percentile by Number Answered
Your Score History
You have not taken this quiz